[Event "Rome Elo op 5th"]
[Site "Rome"]
[Date "2009.09.23"]
[Round "2"]
[White "Giuliani, Sante"]
[Black "Tognotti, Andrea"]
[Result "1-0"]
[WhiteElo "1988"]
[BlackElo "1616"]
[PlyCount "51"]
[EventDate "2009.09.16"]
[EventType "swiss"]
[EventRounds "5"]
[EventCountry "ITA"]
[SourceTitle "EXT 2012"]
[Source "ChessBase"]
[SourceDate "2011.11.24"]
[SourceVersion "1"]
[SourceVersionDate "2011.11.24"]
[SourceQuality "1"]

1. Nf3 Nf6 2. g3 Nc6 3. Bg2 d5 4. d3 e5 5. Nbd2 Bc5 6. 0-0 0-0 7. e4 Re8 8. c3 Bg4 9. Qc2 Qd7 10. b4 Bd6 11. Nb3 Rac8 12. Bg5 dxe4 13. dxe4 Nh5 14. Rad1 Qe6 15. Be3 Ne7 16. a3 f5 17. exf5 Nxf5 18. Bc5 e4 19. Rde1 Qh6 20. Rxe4 Nf6 21. Rxg4 Bxc5 22. Qxf5 Nxg4 23. Nxc5 Ne3 24. fxe3 Qxe3+ 25. Kh1 Rf8 26. Qe6+ 1-0

[Event "Viterbo op 6th"]
[Site "Viterbo"]
[Date "2009.06.01"]
[Round "5"]
[White "Tognotti, Andrea"]
[Black "Faini, Ivano"]
[Result "1-0"]
[WhiteElo "1613"]
[BlackElo "1706"]
[PlyCount "78"]
[EventDate "2009.05.30"]
[EventType "swiss"]
[EventRounds "7"]
[EventCountry "ITA"]
[SourceTitle "EXT 2011"]
[Source "ChessBase"]
[SourceDate "2010.11.26"]
[SourceVersion "1"]
[SourceVersionDate "2010.11.26"]
[SourceQuality "1"]

1. c4 Nf6 2. Nc3 c6 3. Nf3 g6 4. g3 Bg7 5. Bg2 d6 6. 0-0 0-0 7. d3 e5 8. Rb1 Bg4 9. Bg5 Qd7 10. Re1 Bh3 11. Bh1 Bg4 12. b4 Bxf3 13. Bxf3 Re8 14. a4 h6 15. Bd2 Qh3 16. Bg2 Qh5 17. h3 Qf5 18. b5 Re7 19. Ne4 Ne8 20. c5 Rd7 21. Nxd6 Nxd6 22. cxd6 Rxd6 23. bxc6 bxc6 24. Rb7 Qc8 25. Qb3 Nd7 26. Rc1 Kh7 27. Ba5 Rb8 28. Rxb8 Nxb8 29. Qxf7 Rd4 30. Bc3 Rd7 31. Qe6 Qa6 32. Bxe5 Qxa4 33. Bxb8 Rd8 34. Bf4 c5 35. Be4 Qa3 36. Qxg6+ Kg8 37. Bxh6 Qb2 38. Rxc5 Rf8 39. Qh7+ Kf7 1-0

[Event "Viterbo op 6th"]
[Site "Viterbo"]
[Date "2009.05.31"]
[Round "2"]
[White "Stoja, Rocco"]
[Black "Tognotti, Andrea"]
[Result "1-0"]
[WhiteElo "1864"]
[BlackElo "1613"]
[PlyCount "41"]
[EventDate "2009.05.30"]
[EventType "swiss"]
[EventRounds "7"]
[EventCountry "ITA"]
[SourceTitle "EXT 2011"]
[Source "ChessBase"]
[SourceDate "2010.11.26"]
[SourceVersion "1"]
[SourceVersionDate "2010.11.26"]
[SourceQuality "1"]

1. d4 d5 2. c4 c6 3. Nc3 Nf6 4. Nf3 e6 5. a3 Nbd7 6. c5 Qc7 7. Bg5 Be7 8. e3 0-0 9. Bf4 Qd8 10. h3 Re8 11. b4 Nh5 12. Bh2 g6 13. Be2 Bf6 14. Ne5 Nxe5 15. dxe5 Bxe5 16. Bxe5 Qg5 17. Bd6 Qxg2 18. Bf3 Qg5 19. Bxh5 Qxh5 20. Qxh5 gxh5 21. Rg1+ 1-0

[Event "Rome Elo op 3rd"]
[Site "Rome"]
[Date "2009.04.01"]
[Round "4"]
[White "Zacchia, Marco"]
[Black "Tognotti, Andrea"]
[Result "0-1"]
[WhiteElo "1487"]
[BlackElo "1609"]
[PlyCount "76"]
[EventDate "2009.03.11"]
[EventType "swiss"]
[EventRounds "6"]
[EventCountry "ITA"]
[SourceTitle "EXT 2011"]
[Source "ChessBase"]
[SourceDate "2010.11.26"]
[SourceVersion "1"]
[SourceVersionDate "2010.11.26"]
[SourceQuality "1"]

1. d4 d5 2. Nf3 Nf6 3. g3 e6 4. Bg2 c5 5. c3 Nc6 6. 0-0 Bd6 7. e3 0-0 8. Nbd2 Qc7 9. Re1 cxd4 10. cxd4 e5 11. dxe5 Nxe5 12. Nxe5 Bxe5 13. Nb3 Bg4 14. Bf3 Bxf3 15. Qxf3 Rac8 16. Nd4 Qa5 17. Rd1 Rfe8 18. a3 Bxd4 19. b4 Qc7 20. Rxd4 Qc3 21. Rb1 Qe1+ 22. Kg2 Rxc1 23. Rd1 Rxd1 24. Rxd1 Qc3 25. Qe2 d4 26. Qb5 dxe3 27. Rd3 Qc6+ 28. Qxc6 bxc6 29. fxe3 Nd5 30. Kh3 Rxe3 31. Rd4 Re5 32. Kh4 g5+ 33. Kh5 Kg7 34. Kg4 Nf6+ 35. Kf3 Rf5+ 36. Kg2 Nd5 37. Re4 Kf6 38. h3 Re5 0-1

[Event "Rome Elo op 3rd"]
[Site "Rome"]
[Date "2009.03.18"]
[Round "2"]
[White "Sellitto, Pietro"]
[Black "Tognotti, Andrea"]
[Result "1-0"]
[WhiteElo "1467"]
[BlackElo "1609"]
[PlyCount "74"]
[EventDate "2009.03.11"]
[EventType "swiss"]
[EventRounds "6"]
[EventCountry "ITA"]
[SourceTitle "EXT 2011"]
[Source "ChessBase"]
[SourceDate "2010.11.26"]
[SourceVersion "1"]
[SourceVersionDate "2010.11.26"]
[SourceQuality "1"]

1. d4 d5 2. c4 c6 3. e3 Nf6 4. Nc3 Bf5 5. Bd3 Bxd3 6. Qxd3 e6 7. a3 Bd6 8. Nf3 0-0 9. 0-0 Nbd7 10. c5 Bc7 11. e4 dxe4 12. Nxe4 Nd5 13. Neg5 N7f6 14. Ne4 Nxe4 15. Qxe4 Nf6 16. Qh4 Qd5 17. Be3 Bd8 18. Ng5 h6 19. Nf3 Ne4 20. Qg4 Ng5 21. Nxg5 Bxg5 22. b4 f5 23. Qf3 Qxf3 24. gxf3 Bf6 25. Rad1 Rad8 26. f4 Rd7 27. Rd3 Rfd8 28. Rfd1 g5 29. fxg5 hxg5 30. f4 gxf4 31. Bxf4 Bxd4+ 32. Kh1 e5 33. Bxe5 Bxe5 34. Rxd7 Rb8 35. Rg1+ Kf8 36. Rg5 Ke8 37. Rh7 Kf8 1-0

[Event "Rome Elo op 2nd"]
[Site "Rome"]
[Date "2009.02.11"]
[Round "5"]
[White "Maggi, Luigi"]
[Black "Tognotti, Andrea"]
[Result "1-0"]
[WhiteElo "1864"]
[BlackElo "1609"]
[PlyCount "81"]
[EventDate "2009.01.14"]
[EventType "swiss"]
[EventRounds "7"]
[EventCountry "ITA"]
[SourceTitle "EXT 2011"]
[Source "ChessBase"]
[SourceDate "2010.11.26"]
[SourceVersion "1"]
[SourceVersionDate "2010.11.26"]
[SourceQuality "1"]

1. c4 b6 2. d4 Bb7 3. Nc3 e6 4. a3 Nf6 5. d5 exd5 6. cxd5 Bc5 7. e3 0-0 8. Nf3 Re8 9. Bc4 c6 10. 0-0 cxd5 11. Nxd5 Nxd5 12. Bxd5 Nc6 13. b4 Bf8 14. Bb2 Rb8 15. Qb3 Qe7 16. Rfd1 Nd8 17. h4 Ne6 18. Rd2 Bxd5 19. Qxd5 d6 20. Rc1 Qb7 21. Qxb7 Rxb7 22. Rdc2 Rbb8 23. Nd4 Nxd4 24. Bxd4 g6 25. Rc7 Ra8 26. Kf1 Bg7 27. Bxg7 Kxg7 28. Rd7 Red8 29. Rcc7 Rxd7 30. Rxd7 a5 31. Rxd6 axb4 32. axb4 Rb8 33. Ke2 Kf8 34. Kd3 Ke7 35. Rc6 Kd7 36. b5 Ke7 37. Ke4 Rb7 38. g4 Kd7 39. Ke5 Ke7 40. g5 Rb8 41. Rc7+ 1-0

[Event "Rome Elo op 2nd"]
[Site "Rome"]
[Date "2009.02.04"]
[Round "4"]
[White "Tognotti, Andrea"]
[Black "Vanzan, Alessandro"]
[Result "0-1"]
[WhiteElo "1609"]
[BlackElo "1788"]
[PlyCount "62"]
[EventDate "2009.01.14"]
[EventType "swiss"]
[EventRounds "7"]
[EventCountry "ITA"]
[SourceTitle "EXT 2011"]
[Source "ChessBase"]
[SourceDate "2010.11.26"]
[SourceVersion "1"]
[SourceVersionDate "2010.11.26"]
[SourceQuality "1"]

1. c4 Nf6 2. Nc3 g6 3. g3 Bg7 4. Bg2 0-0 5. Nf3 d6 6. 0-0 Nbd7 7. Rb1 Rb8 8. b4 b6 9. Qa4 Bb7 10. d3 c5 11. bxc5 Nxc5 12. Qxa7 Nfd7 13. Qa3 Ra8 14. Qb4 Na6 15. Qb3 Bc6 16. Be3 Rb8 17. Qc2 Ne5 18. Nd5 Bxd5 19. cxd5 Ng4 20. Bd4 Ne5 21. Nxe5 dxe5 22. Be3 Qd6 23. Qc6 Nc5 24. Rxb6 Rxb6 25. Qxd6 exd6 26. Bxc5 dxc5 27. a4 Ra6 28. Ra1 e4 29. Ra2 exd3 30. exd3 Be5 31. Bf1 Ra5 0-1